000 01442cam a22002771i 4500
003 SA-RiAUC
005 20250120122116.0
008 250118s1984 ua g 000 0cara c
040 _aSA-JeALM
_bara
_cSA-RiAUC
_erda
082 0 4 _a234.6
090 _a234.6
_b م م د
100 1 _aممدوح، محمود سعيد محمد
_eمؤلف.
245 1 0 _aتشنيف الأسماع بشيوخ الإجازة والسماع، أو، إمتاع أولي النظر ببعض أعيان القرن الرابع عشر /
_cأبو سليمان محمود سعيد ممدوح.
246 3 3 _aإمتاع أولي النظر ببعض أعيان القرن الرابع عشر
246 3 _aتشنيف الأسماع بشيوخ الإجازة والسماع، أو، إمتاع أولي النظر ببعض أعيان القرن 14
264 1 _a[القاهرة] :
_bدار الشباب للطباعة،
_c1984
300 _a603 صفحة؛
_c24 سم
336 _aنص
_btxt
_2rdacontent
_3كتاب
337 _aبدون وسيط
_bn
_2rdamedia
338 _aمجلد
_bnc
_2rdacarrier
500 _aتوجد ملاحظات من الشيخ الدكتور عبدالوهاب أبو سليمان رحمه الله في داخل الكتاب.
500 _aاهداء من زكريا عبدالله بتاريخ 1405/5/30 هـ
650 7 _aالحديث
_vتراجم
_2aucsh
942 _2ddc
_cBOOK
_n0
949 _aSA-JeALM
_d250118
_umohamedma123
_n1
999 _c5014
_d5014